The Seven Quiz Stats

 Plays Quiz Updated Mar 27, 2018

Score 0/23 Timer 07:00
1 Play Today
Hint Answer % Correct
Chain of convenience stores offering the Slurpee7-Eleven
95.1%
Lemon-lime non-caffeinated soft drink7up
88.5%
Wrath, Lust, Envy, Gluttony, Greed, Sloth, and PrideSeven Deadly Sins
86.5%
James Bond's licence to kill007
78.3%
1937 Disney movieSnow White and the Seven Dwarfs
75.6%
An idiom referring to sailing these bodies of water Sail the Seven Seas
75.5%
Great Pyramid of Giza and Statue of Zeus at Olympia are among these7 Wonders of the World
74.2%
European conflict that lasted between 1756–1763The Seven Years' War
72.9%
Baseball tradition and a good time to sing 'Take Me Out to the Ball Game'7th Inning stretch
68.6%
Jessica Biel television show7th heaven
65.6%
Microsoft operating system released in 2009Windows 7
56.4%
Christian denomination which is distinguished by its observance of SaturdaySeventh day Adventist
37.4%
Hint Answer % Correct
Baptism, Confirmation, Holy Communion, Confession, Marriage, Holy Orders, and the Anointing of the SickSeven Sacraments of the Catholic Church
36.7%
Film and musical based off of the short story 'The Sobbin' Women'Seven Brides for Seven Brothers
25.1%
1955 Marilyn Monroe movieThe Seven Year Itch
23.4%
1954 Akira Kurosawa movieSeven Samurai
16.5%
Star Trek: Voyager's resident BorgSeven of Nine
15.3%
1960 Yul Brynner movieThe Magnificent Seven
14.4%
Heinrich Harrer novel and Brad Pitt movieSeven Years in Tibet
13.2%
Stephen Covey self help bookThe Seven Habits of Highly Effective People
12.2%
Christian concept from the Book of RevelationThe Seven Seals of Revelation
7.6%
Iron Maiden's 1988 albumSeventh Son of a Seventh Son
3.8%
BBC Science fiction TV showBlake's Seven
3.5%

You're not logged in!

Compare scores with friends on all Sporcle quizzes.
OR
Log In

Sporcle TV

Today on Sporcle TV


Watch our educational content, quiz creation guides, and fun videos on Sporcle TV.

Show Comments

Extras

Top Quizzes Today


Score Distribution

Your Account Isn't Verified!

In order to create a playlist on Sporcle, you need to verify the email address you used during registration. Go to your Sporcle Settings to finish the process.

Report this User

Report this user for behavior that violates our Community Guidelines.

Details: